00845nab a2200205 i 4500001000400000003000400004005001700008008003900025040000800064080001000072080001000082100014400092245012400236260001000360500002600370650002600396650001200422700014800434773005700582BPPBPK20160108131128.0140429s1985 pl f |000 0 pol cBPK a676.2 a543.5 aRESZKA, Janina.d1971 - 1996.bWyższa Szkoła Inżynierska w Koszalinie - Wydział Mechaniczny,cZakład Elektrotechniki i Elektrochemii aBadania procesu starzenia termicznego papierów elektro-izolacyjnych /cJanina Reszka, Wiesław Skubała, P. Fronczak. c1985. aDane z kartoteki BPP. 0aIzolacje elektryczne. 0aPapier. aSKUBAŁA, Wiesław.d1980 - 1995.bWyższa Szkoła Inżynierska w Koszalinie - Wydział Mechaniczny,cZakład Elektrotechniki i Elektrochemii iW :tPrzegląd Papierniczy. -g1985, nr 1, s. 28-30